000 00598nam a2200241Ia 4500
005 20260306150643.0
008 008 260114s9999 xx 000 0 eng d
020 _a9780674734210
037 _aEbook
040 _aCRL
040 _beng
040 _cCRL
041 _2eng
041 _aeng
084 _qCRL
245 2 _aA Condensed Collection of Thermodynamic Formulas
260 _bHarvard University Press
260 _c1925
650 _aMaterials Sciences
_91124033
856 _uhttps://www.degruyter.com/isbn/9780674734210
942 _cEBOOK
999 _c1698504
_d1698504